How'd They Meet?: Presidents & First Ladies Edition Quiz Stats

 Plays Quiz Updated Dec 4, 2017

Score 0/29 Timer 07:00
0 Plays Today
% Correct
Reagan, Ronald and Nancy
81.9%
Bush, George and Laura
69.4%
Lincoln, Abraham and Mary
67.7%
Adams, John Quincy and Louisa
60.9%
Roosevelt, Franklin and Eleanor
60.2%
Kennedy, John and Jacqueline
59.3%
Truman, Harry and Bess
57.5%
Clinton, Hillary and Bill
55.7%
Grant, Ulysses and Julia
52.7%
Obama, Barack and Michelle
49.5%
Bush, George and Barbara
46.8%
Eisenhower, Dwight and Mamie
44.8%
Washington, George and Martha
44.7%
Roosevelt, Theodore and Edith
39.8%
Madison, James and Dolley
36.3%
% Correct
Johnson, Andrew and Eliza
34.5%
Nixon, Richard and Pat
33.4%
Coolidge, Calvin and Grace
31.3%
Harding, Warren and Florence
30.5%
Pierce, Franklin and Jane
29.7%
Cleveland, Grover and Frances
28.9%
Taft, William and Helen
26.1%
Monroe, James and Elizabeth
25.2%
Fillmore, Millard and Abigail
24.7%
Garfield, James and Lucretia
22.6%
Polk, James and Sarah
21.5%
Tyler, John and Julia
21.4%
Adams, John and Abigail
20.9%
Hayes, Rutherford and Lucy
18.3%

You're not logged in!

Compare scores with friends on all Sporcle quizzes.
OR
Log In

Sporcle TV

Today on Sporcle TV


Watch our educational content, quiz creation guides, and fun videos on Sporcle TV.

Show Comments

Extras

Top Quizzes Today


Score Distribution

Your Account Isn't Verified!

In order to create a playlist on Sporcle, you need to verify the email address you used during registration. Go to your Sporcle Settings to finish the process.

Report this User

Report this user for behavior that violates our Community Guidelines.

Details: